000 00638nam a2200181Ia 4500
008 100921s9999 xx 000 0 und d
082 _b13920
_a823 ढ 23
100 _aScott Walter.
245 _aThe Betrothed And The Highland Widow.
260 _bग्रिशम प्रकाशन, लंडन.
_c1823
300 _a497
_b---
365 _b0
520 _aललित इंग्र्रजी कादंबरी.
630 _aThe Betrothed And The Highland Widow.
650 _aललित इंग्र्रजी कादंबरी.
730 _aThe Betrothed And The Highland Widow.
942 _cBOOK
999 _c763033
_d763030